000 00704cam a22002653a 4500
001 15809
003 PGUSA
005 20140828083334.0
008 050510s2005||||xxu|||||s|||||000 p eng d
040 _aPGUSA
_beng
042 _adc
050 4 _aPZ
100 1 _aGreenaway, Kate,
_d1846-1901
245 1 2 _aA Apple Pie
_h[electronic resource] /
_cKate Greenaway
260 _bProject Gutenberg,
_c2005
506 _aPublic domain in the USA.
516 _aElectronic text
653 _aAlphabet rhymes
653 _aAlphabet
653 _aChildren's poetry
653 _aNursery rhymes
830 0 _aProject Gutenberg
_v15809
856 4 0 _uhttp://www.gutenberg.org/ebooks/15809
942 _cEB
999 _c245064
_d245064